Statistics for Click Timeline: Fictional Characters

Click here to take the quiz!

General Stats

  • This quiz has been taken 53,971 times
  • The average score is 6 of 11

Answers on the Map

Answers color-coded by a green-red scale on the quiz's map according to % correct below.
 

Answer Stats

Answer% Correct
Elsa of Arendelle
71%
Harry Potter
71%
Darth Vader
61%
Homer Simpson
59%
Mickey Mouse
55%
Dracula
51%
James Bond
48%
Sherlock Holmes
40%
Batman
38%
Oliver Twist
38%
Snow White
30%

Score Distribution

Percentile by Number Answered

Percent of People with Each Score

Your Score History

You have not taken this quiz